[Event "Kaluga Tsiolkovsky Memorial op"]
[Site "Kaluga"]
[Date "2016.08.15"]
[Round "9"]
[White "Mukhtarov, Dzonkush"]
[Black "Ishutkin, Vladislav"]
[Result "0-1"]
[WhiteElo "1387"]
[BlackElo "1300"]
[PlyCount "48"]
[EventDate "2016.08.06"]
[EventType "swiss"]
[EventRounds "9"]
[EventCountry "RUS"]
[SourceTitle "CBM 174 Extra"]
[Source "ChessBase"]
[SourceDate "2016.10.10"]
[SourceVersion "1"]
[SourceVersionDate "2016.10.10"]
[SourceQuality "1"]

1. d4 d5 2. c4 e6 3. Nc3 Nf6 4. Bg5 Be7 5. e3 c6 6. Bd3 dxc4 7. Bxc4 b5 8. Bd3 Nbd7 9. Nf3 Bb7 10. 0-0 0-0 11. a3 a5 12. Qc2 g6 13. Bh6 Re8 14. h3 Bf8 15. Bg5 h6 16. Bh4 Bd6 17. e4 e5 18. Rfe1 g5 19. Bg3 Nh5 20. dxe5 Nxe5 21. Nxe5 Bxe5 22. Bxe5 Rxe5 23. Qe2 Nf4 24. Qe3 Qxd3 0-1

[Event "Kaluga Tsiolkovsky Memorial op"]
[Site "Kaluga"]
[Date "2016.08.13"]
[Round "7"]
[White "Pafnutcheva, Irina"]
[Black "Ishutkin, Vladislav"]
[Result "0-1"]
[WhiteElo "1417"]
[BlackElo "1300"]
[PlyCount "69"]
[EventDate "2016.08.06"]
[EventType "swiss"]
[EventRounds "9"]
[EventCountry "RUS"]
[SourceTitle "CBM 174 Extra"]
[Source "ChessBase"]
[SourceDate "2016.10.10"]
[SourceVersion "1"]
[SourceVersionDate "2016.10.10"]
[SourceQuality "1"]

1. c4 e6 2. d4 d5 3. c5 c6 4. Nc3 Nf6 5. Nf3 Nbd7 6. g3 b6 7. cxb6 Qxb6 8. Bg2 Bd6 9. 0-0 0-0 10. b3 Ba6 11. Re1 Rfc8 12. Bb2 Bb4 13. a3 Bxc3 14. Bxc3 c5 15. Ng5 h6 16. Nh3 cxd4 17. Bxd4 Qb7 18. b4 Rc4 19. f3 Rac8 20. Bb2 Rc2 21. Rb1 Qb5 22. e4 dxe4 23. fxe4 g5 24. e5 g4 25. Nf2 Qb6 26. Qd4 Qxd4 27. Bxd4 Nh5 28. Nxg4 Rd2 29. Nxh6+ Kh7 30. Be4+ Kxh6 31. Be3+ Kg7 32. g4 Rxh2 33. gxh5 Re2 34. Bf3 Rxe1+ 35. Rxe1 0-1

[Event "Kaluga Tsiolkovsky Memorial op"]
[Site "Kaluga"]
[Date "2016.08.11"]
[Round "6"]
[White "Ishutkin, Vladislav"]
[Black "Mokin, Maxim"]
[Result "0-1"]
[WhiteElo "1300"]
[BlackElo "1296"]
[PlyCount "75"]
[EventDate "2016.08.06"]
[EventType "swiss"]
[EventRounds "9"]
[EventCountry "RUS"]
[SourceTitle "CBM 174 Extra"]
[Source "ChessBase"]
[SourceDate "2016.10.10"]
[SourceVersion "1"]
[SourceVersionDate "2016.10.10"]
[SourceQuality "1"]

1. d4 d5 2. Nf3 Nf6 3. e3 e6 4. Bd3 c5 5. b3 cxd4 6. exd4 Nc6 7. Bb2 Bd6 8. Nbd2 0-0 9. 0-0 Qe7 10. Ne5 Nd7 11. f4 f6 12. Nxc6 bxc6 13. Qh5 f5 14. g4 Nf6 15. Qh3 Nxg4 16. Rf3 Nf6 17. c4 Qc7 18. Qh4 Ng4 19. Qg3 Be7 20. h3 Nf6 21. Rf2 Nh5 22. Qf3 g6 23. Be2 Bd6 24. Raf1 Nxf4 25. c5 Nxe2+ 26. Rxe2 Be7 27. Rff2 Bh4 28. Rg2 Bf6 29. Re3 Qg7 30. Rd3 Ba6 31. Re3 Bxd4 32. Bxd4 Qxd4 33. Kh1 Qxc5 34. Rxe6 Kf7 35. Re3 Rfe8 36. Rxe8 Rxe8 37. Qg3 Qe7 38. Rg1 0-1